=LDR 00000nam 2200000 4500 =001 NUTBA000000000001324 =005 20140422123217.0 =006 =007 =008 =020 ##$$a 979-462-870-0 =035 ##$$a 0010-041400000000594 =090 ##$$a 510.7 $bToa $cm =100 ##$$a To'ali =245 ##$$a Matematika X Sekolah Menengah Kejuruan =260 ##$$a Jakarta $bPusat perbukuan Depertemen pendidikan nasional $c2008 =300 ##$$a viii,164 hlm. $bIllus $c27 cm =650 ##$$a Matematika =850 ##$$a NBPDMAT =990 ##$$a 21008117 =990 ##$$a 94695/BPAP-NTB/2014